000 00561nam a2200181Ia 4500
003 GCL
008 140319s9999 xx 000 0 ara d
040 _aGCL /
_cGCL
082 0 4 _a301.247
_bع ا
100 1 _aعلى عبدالواحد وافى
245 1 0 _aالاسفار المقدسة فى الاديان السابقة للاسلام /
_cعلى عبدالواحد وافى
300 _a190 ص
490 _a
650 0 4 _aاليهودية
650 0 4 _aالقصص الدينية
650 0 4 _aعلم الاجتماع الدينى
942 _2ddc
_cBK
999 _c42938
_d42938